MLB Baseball Top Four Teams - Statistics

General Stats
  • This quiz has been taken 342 times
    222 since last reset
  • The average score is 17 of 22
Answer Stats
Answer % Correct
New York Yankees
98%
Los Angeles Dodgers
96%
Houston Astros
92%
Boston Red Sox
90%
Chicago Cubs
85%
New York Mets
85%
Texas Rangers
85%
Atlanta Braves
83%
Philadelphia Phillies
80%
Washington Nationals
80%
Arizona Diamondbacks
79%
San Francisco Giants
79%
Kansas City Royals
77%
Cleveland Guardians
76%
Cleveland Indians
76%
St. Louis Cardinals
74%
Tampa Bay Rays
71%
San Diego Padres
66%
Detroit Tigers
64%
Toronto Blue Jays
62%
Milwaukee Brewers
59%
Baltimore Orioles
57%
No matching quizzes found
Score Distribution
Percent of People with Each Score
Percentile by Number Answered
Your Score History
You have not taken this quiz since the last reset